Auto de los reyes magos (fotocopia) /

Guardado en:
Formato: Libro
Publicado: : , 0
Materias:
Fc
Etiquetas: Agregar Etiqueta
Sin Etiquetas, Sea el primero en etiquetar este registro!
LEADER 00964nam a22002415a 4500
001 CEM.cems008274
005 20060214000000.0
008 130507b######################000#0#####d
003 CEMS
082 0 4 |a F800 
245 0 0 |a Auto de los reyes magos (fotocopia) / 
260 |a  :  |b , 0 
653 |a Fc 
859 |a CEMS  |b BIB. CEMS - 11 de abril  |h F800  |i 7  |p 807.44  |t Ej.1 
859 |a CEMS  |b BIB. CEMS - 11 de abril  |h F800  |i 7  |p 808.44  |t Ej.2 
859 |a CEMS  |b BIB. CEMS - 11 de abril  |h F800  |i 7  |p 809.44  |t Ej.3 
859 |a CEMS  |b BIB. CEMS - 11 de abril  |h F800  |i 7  |p 810.44  |t Ej.4 
859 |a CEMS  |b BIB. CEMS - 11 de abril  |h F800  |i 7  |p 811.44  |t Ej.5 
859 |a CEMS  |b BIB. CEMS - 11 de abril  |h F800  |i 7  |p 812.44  |t Ej.6 
859 |a CEMS  |b BIB. CEMS - 11 de abril  |h F800  |i 7  |p 854.44  |t Ej.7 
859 |a CEMS  |b BIB. CEMS - 11 de abril  |h F800  |i 7  |p 855.44  |t Ej.8 
859 |a CEMS  |b BIB. CEMS - 11 de abril  |h F800  |i 7  |p 856.44  |t Ej.9 
859 |a CEMS  |b BIB. CEMS - 11 de abril  |h F800  |i 7  |p 857.44  |t Ej.10